| 000 | 00884cam a22002653a 4500 | ||
|---|---|---|---|
| 001 | 31111 | ||
| 003 | PGUSA | ||
| 005 | 20140828083655.0 | ||
| 008 | 100129s2010||||xxu|||||s|||||000 | eng d | ||
| 040 |
_aPGUSA _beng |
||
| 042 | _adc | ||
| 050 | 4 | _aDS | |
| 100 | 1 |
_aSachtleben, William Lewis, _d-1953 |
|
| 245 | 1 | 0 |
_aAcross Asia on a Bicycle : _bThe Journey of Two American Students from Constantinople to Peking _h[electronic resource] / _cWilliam Lewis Sachtleben |
| 260 |
_bProject Gutenberg, _c2010 |
||
| 506 | _aPublic domain in the USA. | ||
| 516 | _aElectronic text | ||
| 653 | _aBicycle touring -- Asia | ||
| 653 | _aAsia -- Description and travel | ||
| 653 | _aAllen, Thomas Gaskell -- Travel -- Asia | ||
| 653 | _aSachtleben, William Lewis -- Travel -- Asia | ||
| 830 | 0 |
_aProject Gutenberg _v31111 |
|
| 856 | 4 | 0 | _uhttp://www.gutenberg.org/ebooks/31111 |
| 942 | _cEB | ||
| 999 |
_c260366 _d260366 |
||